000 00401nas a2200157 a 4500
001 68358
003 141658
005 20201118110526.0
008 ||||||n9999 ||| || ||
041 _aspa
245 0 _aBeijing Informa - No.48
260 _aChina :
_bCorporacion China de Comercio Internacional del Libro,
_c1990.
562 _e0
773 _017606
_aBeijing Informa :
942 _cSISS
999 _c68358
_d68358